| 000 | 00995nam a2200301Ia 4500 | ||
|---|---|---|---|
| 003 | GCL | ||
| 008 | 140319s9999 xx 000 0 ara d | ||
| 040 |
_aGCL / _cGCL |
||
| 082 | 0 | 4 |
_aق _b953.0738 _bع ظ |
| 100 | 1 | _aعبدالمنعم ماجد | |
| 245 | 1 | 0 |
_aظهور الخلافة الفاطمية وسقوطها فى مصر : _bالتاريخ السياسى / _cعبدالمنعم ماجد |
| 260 |
_aالقاهرة : _bدار الفكر العربى ، _c1994 |
||
| 300 |
_a473 ص ؛ _c24 سم |
||
| 490 | _a | ||
| 650 | 0 | 4 | _aمصر |
| 650 | 0 | 4 | _aتاريخ |
| 650 | 0 | 4 | _aالاحوال الاجتماعية |
| 650 | 0 | 4 | _aالاحوال السياسية |
| 650 | 0 | 4 | _aالدولة الفاطمية |
| 650 | 0 | 4 | _aالمغرب |
| 650 | 0 | 4 | _aالتاريخ الحربى |
| 650 | 0 | 4 | _aالاحوال الاقتصادية |
| 650 | 0 | 4 | _aالدولة العباسية |
| 650 | 0 | 4 | _aالشيعة |
| 650 | 0 | 4 | _aفتح مصر |
| 650 | 0 | 4 | _aعصر الضعف |
| 942 |
_2ddc _cBK |
||
| 999 |
_c31061 _d31061 |
||